<?xml version="1.0" encoding="UTF-8"?><?xml-stylesheet type="text/xsl" href="static/style.xsl"?><OAI-PMH xmlns="http://www.openarchives.org/OAI/2.0/" xmlns:xsi="http://www.w3.org/2001/XMLSchema-instance" xsi:schemaLocation="http://www.openarchives.org/OAI/2.0/ http://www.openarchives.org/OAI/2.0/OAI-PMH.xsd"><responseDate>2026-04-14T06:06:33Z</responseDate><request verb="GetRecord" identifier="oai:www.recercat.cat:10230/36673" metadataPrefix="marc">https://recercat.cat/oai/request</request><GetRecord><record><header><identifier>oai:recercat.cat:10230/36673</identifier><datestamp>2025-12-24T08:34:01Z</datestamp><setSpec>com_2072_6</setSpec><setSpec>col_2072_452952</setSpec></header><metadata><record xmlns="http://www.loc.gov/MARC21/slim" xmlns:dcterms="http://purl.org/dc/terms/" xmlns:xsi="http://www.w3.org/2001/XMLSchema-instance" xmlns:doc="http://www.lyncode.com/xoai" xsi:schemaLocation="http://www.loc.gov/MARC21/slim http://www.loc.gov/standards/marcxml/schema/MARC21slim.xsd">
   <leader>00925njm 22002777a 4500</leader>
   <datafield ind2=" " ind1=" " tag="042">
      <subfield code="a">dc</subfield>
   </datafield>
   <datafield ind2=" " ind1=" " tag="720">
      <subfield code="a">Bel Rafecas, Núria</subfield>
      <subfield code="e">author</subfield>
   </datafield>
   <datafield ind2=" " ind1=" " tag="720">
      <subfield code="a">Espeja, Sergio</subfield>
      <subfield code="e">author</subfield>
   </datafield>
   <datafield ind2=" " ind1=" " tag="720">
      <subfield code="a">Marimon, Montserrat</subfield>
      <subfield code="e">author</subfield>
   </datafield>
   <datafield ind2=" " ind1=" " tag="260">
      <subfield code="c">2019-02-25T09:39:47Z</subfield>
   </datafield>
   <datafield ind2=" " ind1=" " tag="260">
      <subfield code="c">2019-02-25T09:39:47Z</subfield>
   </datafield>
   <datafield ind2=" " ind1=" " tag="260">
      <subfield code="c">2007</subfield>
   </datafield>
   <datafield ind2=" " ind1=" " tag="520">
      <subfield code="a">Comunicació presentada a: Human Language Technology Conference of the North American Chapter of the Association of Computational Linguistics 2007, celebrada a New York, United States of America, del 22 al 27 d&amp;apos;abril de 2007.</subfield>
   </datafield>
   <datafield ind2=" " ind1=" " tag="520">
      <subfield code="a">The work we present here is concerned with the acquisition of deep grammatical information for nouns in Spanish. The aim is to build a learner that can handle noise, but, more interestingly, that is able to overcome the problem of sparse data, especially important in the case of nouns. We have based our work on two main points. Firstly, we have used distributional evidences as features. Secondly, we made the learner deal with all occurrences of a word as a single complex unit. The obtained results show that grammatical features of nouns is a level of generalization that can be successfully approached with a Decision Tree learner.</subfield>
   </datafield>
   <datafield ind2=" " ind1=" " tag="520">
      <subfield code="a">This research was supported by the Spanish Ministerio de Educación y Ciencia: project AAILE, HUM2004-05111-C02-01/FILO, Ramón y Cajal, Juan de la Cierva Programs and PTA-CTE/1370/2003 with Fondo Social Europeo.</subfield>
   </datafield>
   <datafield ind2="0" ind1="0" tag="245">
      <subfield code="a">Automatic acquisition of grammatical types for nouns</subfield>
   </datafield>
</record></metadata></record></GetRecord></OAI-PMH>